000 00352 a2200157 4500
001 180999
020 _a
040 _cMagnum
100 _aTongu, Maria Isabel de Oliveira
240 1 0 _aAlegria de viver, 2 serie
_lpor
245 1 0 _aAlegria de viver, 2 serie
362 0 _a1899
440 1 _aModerna
697 _aMAGNITO: RELIGIAO
942 _cBK
999 _c180999
_d180999